War of the gods

Η ταινία αντιπαραβάλλει την θρησκευτική πίστη με τον τρόπο ζωής των ινδιάνων, έτσι όπως παρουσιάζονται από τους ανθρωπολόγους που δούλεψαν και έζησαν μαζί τους, και από αυτούς των Προτεσταντικών και των Καθολικών ιεραποστόλων....

Πλήρης περιγραφή

Αποθηκεύτηκε σε:
Λεπτομέρειες βιβλιογραφικής εγγραφής
Συλλογικό Έργο: Royal Anthropological Institute of Great Britain and Ireland, Granada Television International
Άλλοι συγγραφείς: Moser, Brian 1935- (Διευθυντής), Silverwood-Cope, Peter L. (Peter Lachlan) 1945-1989, Hugh-Jones, Stephen 1945-, Hugh-Jones, Christine 1943-
Μορφή: Βίντεο VHS
Γλώσσα:English
Δημοσίευση: London : The Royal Anthropological Institute, 1971
Σειρά:Disappearing world
Θέματα:
Ετικέτες: Προσθήκη ετικέτας
Δεν υπάρχουν, Καταχωρήστε ετικέτα πρώτοι!

MARC

LEADER 00000 gm a2200000 i 4500
001 1/44361
007 vf cbaho
008 070516s1971 uk eng d
035 |l 10087840 
040 |a GR-MY-UA  |b gre  |e aacr 
041 0 |a eng 
082 0 |a 306.80998  |2 (22) 
245 1 0 |a War of the gods  |h [μαγνητοσκόπηση] /  |c σκηνοθεσία Brian Moser ; ανθρωπολόγοι Peter Silverwood-Cope, Stephen and Cristine Hugh-Jones 
260 |a London :   |b The Royal Anthropological Institute,   |c 1971 
300 |a 1 βιντεοκασέτα (66 λεπτ.);  |b ομιλ., έγχρ.;  |c 1/2 ιν. 
490 1 |a Disappearing world 
500 |a Υπάρχει ψηφιακό αντίγραφο.  
508 |a Granada Television, σκηνοθεσία: Brian Moser, ανθρωπολόγοι: Peter Silverwood-Cope, Stephen και Christine Hugh-Jones 
520 |a Η ταινία αντιπαραβάλλει την θρησκευτική πίστη με τον τρόπο ζωής των ινδιάνων, έτσι όπως παρουσιάζονται από τους ανθρωπολόγους που δούλεψαν και έζησαν μαζί τους, και από αυτούς των Προτεσταντικών και των Καθολικών ιεραποστόλων. 
521 |a Για εκπαιδευτική χρήση μόνο 
538 |a VHS format 
650 0 0 |a Macu Indians (Papury River watershed)  |x Social life and customs. 
650 0 0 |a Barasana Indians  |x Social life and customs. 
650 0 0 |a Indians of South America  |x Social life and customs. 
700 1 |a Moser, Brian  |d 1935-  |4 drt 
700 1 |a Silverwood-Cope, Peter L.  |q (Peter Lachlan)  |d 1945-1989. 
700 1 |a Hugh-Jones, Stephen  |d 1945- 
700 1 |a Hugh-Jones, Christine  |d 1943- 
710 2 |a Royal Anthropological Institute of Great Britain and Ireland. 
710 2 |a Granada Television International. 
830 0 |a Disappearing world 
852 |a INST  |b LESVOS  |c AV  |e 20070516  |h 306.80998 WAR  |p 005100038332  |q 005100038332  |t VC  |y 23 
901 |a BIBL1-2007-2 
909 |a Λ  |b 133914 
922 |a 1ΕΛΗ  |b 2007-04  |c ΕΠΕΑΕΚ2/ΤΚΑ  |d ΕΚΔΟΣΕΙΣ ΕΜΒΡΥΟ 
970 |a ΚΑΡΑ  |b ΓΙΑΣΕΜΗ  |z 2007/05/16